[Event "30th NATO Chess Championship"]
[Site "Berlin"]
[Date "2019.09.19"]
[Round "5.31"]
[White "Balmaceda, Enrico"]
[Black "Millener, Richard"]
[Result "1-0"]
[WhiteElo "2006"]
[BlackElo "1735"]
[PlyCount "61"]
[EventDate "2019.09.16"]
[EventType "team-tourn"]
[EventRounds "7"]
[EventCountry "GER"]
[WhiteTeam "USA"]
[BlackTeam "ENG"]

1. b3 d5 2. Bb2 Bf5 3. e3 e6 4. Nf3 Nf6 5. Be2 Nbd7 6. O-O Bd6 7. d4 c6 8. Nbd2
Qc7 9. c4 b6 10. Rc1 Rc8 11. h3 Qb8 12. a3 a5 13. Nh4 Be4 14. f3 Bg6 15. f4 Be4
16. Nhf3 Bxf3 17. Bxf3 O-O 18. Qe2 c5 19. g3 Rfe8 20. h4 h6 21. Kg2 a4 22. bxa4
Qa7 23. g4 dxc4 24. Nxc4 Be7 25. g5 hxg5 26. hxg5 Nd5 27. Rh1 Nf8 28. Bxd5 exd5
29. Qh5 Ng6 30. Qh7+ Kf8 31. Qh8+ 1-0

[Event "30th NATO Chess Championship"]
[Site "Berlin"]
[Date "2019.09.19"]
[Round "5.32"]
[White "Ivbulis, Martins"]
[Black "Tucker, David Sidney"]
[Result "1/2-1/2"]
[WhiteElo "1795"]
[BlackElo "1997"]
[PlyCount "104"]
[EventDate "2019.09.16"]
[EventType "team-tourn"]
[EventRounds "7"]
[EventCountry "GER"]
[WhiteTeam "LAT"]
[BlackTeam "ENG"]

1. d4 c5 2. d5 Nf6 3. Nc3 d6 4. e4 g6 5. f4 Bg7 6. Nf3 O-O 7. Bc4 b5 8. Bxb5
Nxe4 9. Nxe4 Qa5+ 10. Nc3 Bxc3+ 11. bxc3 Qxb5 12. Qd3 Ba6 13. Qxb5 Bxb5 14. Nd2
Nd7 15. a4 Ba6 16. a5 Rfe8 17. Kf2 e6 18. c4 exd5 19. cxd5 Re2+ 20. Kf3 Rae8
21. Ra3 f5 22. h3 Nf6 23. c4 h5 24. Rd1 Re1 25. Rxe1 Rxe1 26. Bb2 Ne4 27. Nxe4
Rxe4 28. Rb3 Bxc4 29. Rb8+ Kf7 30. Rd8 Ke7 31. Ra8 Bxd5 32. Rxa7+ Ke8 33. Kg3
Rb4 34. Bh8 Rb7 35. Ra8+ Kd7 36. Kh4 Rc7 37. Rf8 c4 38. Bc3 Bxg2 39. Kg5 Bxh3
40. a6 Rc8 41. Rf7+ Ke8 42. Rh7 Bg2 43. Kxg6 Ra8 44. a7 h4 45. Kxf5 h3 46. Ke6
Kd8 47. Bf6+ Kc8 48. Kxd6 Rxa7 49. Rxa7 h2 50. Rc7+ Kb8 51. Rh7 h1=Q 52. Rxh1
Bxh1 1/2-1/2

[Event "30th NATO Chess Championship"]
[Site "Berlin"]
[Date "2019.09.19"]
[Round "5.33"]
[White "Randall, Gordon"]
[Black "Tikerpuu, Mati"]
[Result "1-0"]
[WhiteElo "1975"]
[BlackElo "1717"]
[PlyCount "100"]
[EventDate "2019.09.16"]
[EventType "team-tourn"]
[EventRounds "7"]
[EventCountry "GER"]
[WhiteTeam "USA"]
[BlackTeam "EST"]

1. d4 e6 2. c4 f5 3. g3 Nf6 4. Bg2 d5 5. Nc3 c5 6. cxd5 exd5 7. Nf3 Nc6 8. O-O
Be7 9. Be3 c4 10. b3 O-O 11. bxc4 dxc4 12. d5 Nb4 13. Ne1 Ng4 14. Bd4 Bf6 15.
Rb1 Bxd4 16. Qxd4 Nc6 17. Qxc4 Nce5 18. Qb3 Rb8 19. h3 Nf6 20. Rd1 a6 21. Nd3
Nxd3 22. Rxd3 Qd6 23. Rb1 Nd7 24. Qb4 Qxb4 25. Rxb4 Nc5 26. Rdd4 Bd7 27. d6 b5
28. Nd5 a5 29. Rb1 b4 30. Ne7+ Kh8 31. Rd5 b3 32. axb3 Rxb3 33. Rc1 Nb7 34. Rc7
a4 35. Rd2 a3 36. Rxb7 Rxb7 37. Bxb7 Rb8 38. Bd5 Rb2 39. Rxb2 axb2 40. Ba2 g6
41. f4 Kg7 42. Kf2 Be6 43. Bb1 Kf7 44. Ke1 Ke8 45. Nc6 Bd5 46. Ne5 Be4 47. Nd3
Kd7 48. Nc5+ Kxd6 49. Nxe4+ fxe4 50. Bxe4 Kc5 1-0

[Event "30th NATO Chess Championship"]
[Site "Berlin"]
[Date "2019.09.19"]
[Round "5.34"]
[White "Steffers, Hendrik"]
[Black "Charles, Freddy"]
[Result "0-1"]
[WhiteElo "1965"]
[BlackElo "1655"]
[PlyCount "115"]
[EventDate "2019.09.16"]
[EventType "team-tourn"]
[EventRounds "7"]
[EventCountry "GER"]
[WhiteTeam "NED"]
[BlackTeam "BEL"]

1. d4 Nf6 2. Nf3 d6 3. e3 Nbd7 4. c4 e5 5. d5 Be7 6. Be2 O-O 7. O-O c6 8. Nc3
cxd5 9. cxd5 a6 10. a4 b6 11. b4 Bb7 12. Bb2 Rc8 13. e4 Re8 14. Qd3 Rc7 15.
Rfc1 Qa8 16. Nd2 Rec8 17. Bf3 a5 18. b5 Nc5 19. Qf1 Nfd7 20. Bg4 Bg5 21. Ncb1
Rf8 22. Bxd7 Rxd7 23. Rc2 Qd8 24. Nc3 Bxd2 25. Rxd2 Nb3 26. Rad1 Nxd2 27. Rxd2
Rc7 28. Ne2 f5 29. exf5 Rxf5 30. Ng3 Rf4 31. Qd1 Qg5 32. f3 Rb4 33. Nf1 Qg6 34.
h3 Rbc4 35. Ne3 Rh4 36. Kh2 Bc8 37. Ba3 Rc3 38. Rc2 Rxc2 39. Qxc2 Qxc2 40. Nxc2
Rxa4 41. Bxd6 e4 42. fxe4 Rxe4 43. Na3 Bb7 44. Bc7 Bxd5 45. Kg1 Ra4 46. Nc2 Rc4
47. Ne3 Rxc7 48. Nxd5 Rb7 49. Kf2 Kf7 50. Ke3 Ke6 51. Nf4+ Ke5 52. g3 g5 53.
Ne2 Kd5 54. Kd3 Kc5 55. Nc3 Kb4 56. h4 gxh4 57. gxh4 Rd7+ 58. Kc2 0-1

[Event "30th NATO Chess Championship"]
[Site "Berlin"]
[Date "2019.09.19"]
[Round "5.35"]
[White "Ermalis, Rytis"]
[Black "Ross, David"]
[Result "1/2-1/2"]
[WhiteElo "1960"]
[BlackElo "1599"]
[PlyCount "64"]
[EventDate "2019.09.16"]
[EventType "team-tourn"]
[EventRounds "7"]
[EventCountry "GER"]
[WhiteTeam "LTU"]
[BlackTeam "ENG"]

1. c4 e5 2. g3 Nc6 3. Bg2 g6 4. Nc3 Bg7 5. e4 d6 6. Nge2 Be6 7. d3 Qd7 8. O-O
Bh3 9. f4 Bxg2 10. Kxg2 exf4 11. Bxf4 h5 12. h3 Nh6 13. Bxh6 Bxh6 14. Nd5 O-O-O
15. b4 h4 16. g4 Ne5 17. Nf6 Qe7 18. Nc3 Bg5 19. b5 Nxc4 20. Ncd5 Ne3+ 21. Nxe3
Bxf6 22. Nd5 Qe5 23. Rxf6 Qg3+ 24. Kf1 Qxh3+ 25. Ke1 Qg3+ 26. Kd2 h3 27. Qg1
Qe5 28. Rc1 Kb8 29. Rc2 h2 30. Qh1 Qg5+ 31. Kc3 Qe5+ 32. Kc4 Rh7 1/2-1/2

[Event "30th NATO Chess Championship"]
[Site "Berlin"]
[Date "2019.09.19"]
[Round "5.36"]
[White "Ntalabiras, Spyros"]
[Black "Sauer, Marko"]
[Result "0-1"]
[WhiteElo "1806"]
[BlackElo "2081"]
[PlyCount "92"]
[EventDate "2019.09.16"]
[EventType "team-tourn"]
[EventRounds "7"]
[EventCountry "GER"]
[WhiteTeam "GRE"]
[BlackTeam "GER"]

1. e4 c5 2. Nf3 Nc6 3. d4 cxd4 4. Nxd4 Nf6 5. Nc3 d6 6. Be2 g6 7. Be3 Bg7 8.
Qd2 Ng4 9. Bxg4 Bxg4 10. f3 Bd7 11. Nxc6 bxc6 12. O-O O-O 13. Rfd1 Qb8 14. Rab1
Rd8 15. Ne2 a5 16. c4 Qb4 17. b3 Be8 18. a4 Qb7 19. Kh1 Qc7 20. Bd4 f6 21. Bc3
Bf7 22. Nd4 e5 23. Bxa5 Rxa5 24. Nxc6 Qxc6 25. Qxa5 Rb8 26. Qc3 f5 27. Qd3 fxe4
28. Qxe4 Qc5 29. h3 Be6 30. g4 Bh6 31. Qd3 Rd8 32. Rb2 Bg5 33. Ra2 d5 34. Qf1
Rf8 35. Qe2 dxc4 36. bxc4 Bxc4 37. Qc2 Qc6 38. Ra3 Rxf3 39. Rxf3 Qxf3+ 40. Kg1
Be3+ 41. Kh2 Bf4+ 42. Kg1 Qg3+ 43. Qg2 Qe3+ 44. Kh1 e4 45. Rf1 Bxf1 46. Qxf1
Qf3+ 0-1

[Event "30th NATO Chess Championship"]
[Site "Berlin"]
[Date "2019.09.19"]
[Round "5.37"]
[White "Geroly, Jozsef"]
[Black "Kraft, Chip"]
[Result "1-0"]
[WhiteElo "1766"]
[BlackElo "2050"]
[PlyCount "121"]
[EventDate "2019.09.16"]
[EventType "team-tourn"]
[EventRounds "7"]
[EventCountry "GER"]
[WhiteTeam "HUN"]
[BlackTeam "USA"]

1. Nf3 Nf6 2. d4 g6 3. c4 Bg7 4. Nc3 d6 5. e4 O-O 6. Bg5 h6 7. Bh4 g5 8. Bg3
Nh5 9. Qd2 f5 10. exf5 Bxf5 11. Bd3 Qd7 12. a3 a5 13. O-O Nxg3 14. fxg3 Bxd3
15. Qxd3 g4 16. Nh4 Nc6 17. Nf5 Rxf5 18. Qxf5 Qxf5 19. Rxf5 Bxd4+ 20. Kh1 Bxc3
21. bxc3 b6 22. Raf1 Ne5 23. R1f4 a4 24. h3 gxh3 25. gxh3 Ra5 26. Rh5 Rc5 27.
Rxh6 b5 28. Rh5 Kg7 29. Rg5+ Kh6 30. h4 bxc4 31. Rf8 Kh7 32. Rfg8 Rd5 33. R8g7+
Kh6 34. Rxe7 Rd3 35. Re6+ Kh7 36. h5 Rxc3 37. h6 Rc1+ 38. Kg2 Rc2+ 39. Kf1 Rc1+
40. Kg2 Rc2+ 41. Kf1 Rc1+ 42. Ke2 Re1+ 43. Kxe1 Nf3+ 44. Kf2 Nxg5 45. Re7+ Kxh6
46. Rxc7 d5 47. Ke3 d4+ 48. Ke2 Ne4 49. Rxc4 Nxg3+ 50. Kd3 Nf5 51. Rxa4 Kg6 52.
Ra6+ Kf7 53. Ke4 Ne7 54. Kxd4 Ke8 55. Kc5 Nf5 56. Rf6 Ng7 57. Kd6 Nh5 58. Rh6
Ng3 59. Rh8+ Kf7 60. a4 Ne4+ 61. Kc6 1-0

[Event "30th NATO Chess Championship"]
[Site "Berlin"]
[Date "2019.09.19"]
[Round "5.38"]
[White "Farrell, John F"]
[Black "Kries, Yvon"]
[Result "1/2-1/2"]
[WhiteElo "1985"]
[BlackElo "1741"]
[PlyCount "56"]
[EventDate "2019.09.16"]
[EventType "team-tourn"]
[EventRounds "7"]
[EventCountry "GER"]
[WhiteTeam "USA"]
[BlackTeam "LUX"]

1. c4 f5 2. e4 fxe4 3. d3 Nf6 4. Nc3 e5 5. dxe4 Bc5 6. f3 O-O 7. Qd3 Nc6 8. a3
a5 9. Be3 Nd4 10. Na4 Nc2+ 11. Qxc2 Bxe3 12. Qd3 Bg5 13. h4 Bf4 14. Ne2 Nh5 15.
Qd5+ Kh8 16. Nxf4 Nxf4 17. Qxe5 d6 18. Qd4 Qe8 19. Nc3 Ne6 20. Qe3 Nc5 21.
O-O-O Be6 22. Kb1 Qf7 23. Qe2 Rab8 24. h5 h6 25. Rd2 Nb3 26. Rd1 Nc5 27. Rd2
Nb3 28. Rd1 Nc5 1/2-1/2

[Event "30th NATO Chess Championship"]
[Site "Berlin"]
[Date "2019.09.19"]
[Round "5.39"]
[White "Hater, David"]
[Black "Abbate, Giovanni"]
[Result "1-0"]
[WhiteElo "1973"]
[BlackElo "1600"]
[PlyCount "141"]
[EventDate "2019.09.16"]
[EventType "team-tourn"]
[EventRounds "7"]
[EventCountry "GER"]
[WhiteTeam "USA"]
[BlackTeam "ITA"]

1. e4 c6 2. d3 d6 3. Nf3 g6 4. Be2 Bg7 5. O-O Nf6 6. h3 O-O 7. Be3 Na6 8. c3
Nd7 9. d4 b5 10. a4 Nc7 11. Na3 bxa4 12. Qxa4 Bb7 13. Nc4 Nb6 14. Qb3 Nxc4 15.
Qxb7 Nxe3 16. fxe3 Rb8 17. Qxc6 Rxb2 18. Rxa7 Rxe2 19. Qxc7 Qxc7 20. Rxc7 Re8
21. Ng5 Bf6 22. Nxf7 Ra8 23. Nh6+ Kg7 24. Ng4 Raa2 25. e5 dxe5 26. dxe5 Bg5 27.
e6 Rxg2+ 28. Kh1 Rxg4 29. hxg4 Bf6 30. Rxe7+ Bxe7 31. Rf7+ Kh6 32. Rxe7 Ra3 33.
Rc7 Ra6 34. e7 Re6 35. Kg2 Rxe3 36. Kf2 Re5 37. Kf3 g5 38. c4 Kg6 39. Rd7 Kf7
40. Rd5 Rxe7 41. Rxg5 Rc7 42. c5 Re7 43. c6 Ke6 44. Rb5 Rc7 45. Rb7 Rxc6 46.
Rxh7 Rc8 47. Kf4 Kf6 48. Rh6+ Kg7 49. Ra6 Rc4+ 50. Kg5 Rc5+ 51. Kh4 Rc4 52. Kh5
Rc5+ 53. g5 Rc7 54. Rg6+ Kh7 55. Re6 Kg7 56. Kg4 Rf7 57. Kh5 Rf5 58. Re7+ Kf8
59. Ra7 Kg8 60. Ra8+ Kg7 61. Ra7+ Kg8 62. Kg6 Rf8 63. Kh6 Kh8 64. Kg6 Rg8+ 65.
Kf6 Rf8+ 66. Rf7 Rg8 67. g6 Rg7 68. Rf8+ Rg8 69. Rxg8+ Kxg8 70. g7 Kh7 71. Kf7
1-0

[Event "30th NATO Chess Championship"]
[Site "Berlin"]
[Date "2019.09.19"]
[Round "5.41"]
[White "Ivsek, Cveto"]
[Black "Adolfssen, Rico"]
[Result "1-0"]
[WhiteElo "1755"]
[BlackElo "1864"]
[PlyCount "111"]
[EventDate "2019.09.16"]
[EventType "team-tourn"]
[EventRounds "7"]
[EventCountry "GER"]
[WhiteTeam "SLO"]
[BlackTeam "DEN"]

1. d4 e6 2. c4 d5 3. e3 Nf6 4. Nc3 c5 5. Nf3 Nc6 6. cxd5 Nxd5 7. Bb5 Nxc3 8.
bxc3 Bd7 9. O-O a6 10. Bd3 Be7 11. Bd2 b5 12. Be4 Qc7 13. Ne5 Rd8 14. Nxc6 Bxc6
15. Bxc6+ Qxc6 16. Qb3 h5 17. a4 h4 18. axb5 axb5 19. Ra5 h3 20. Qxb5 Qxb5 21.
Rxb5 hxg2 22. Kxg2 Bd6 23. h3 Rc8 24. Rb6 Kd7 25. Ra1 Rh5 26. Rb7+ Rc7 27.
Rxc7+ Bxc7 28. e4 Bb6 29. Be3 Kc6 30. Ra8 cxd4 31. cxd4 Kd7 32. Rg8 g6 33. Rb8
Bc7 34. Rb7 Kc6 35. Rb2 Rb5 36. Rc2+ Kd7 37. Ra2 Bb6 38. Rd2 Rb4 39. Kf3 Ke7
40. Rd3 e5 41. dxe5 Bxe3 42. Kxe3 Ke6 43. f4 Rb6 44. Rd6+ Rxd6 45. exd6 Kxd6
46. Kd4 Ke6 47. h4 Kd6 48. f5 gxf5 49. exf5 Ke7 50. Kd5 Kf6 51. Ke4 Ke7 52. Ke5
f6+ 53. Kd5 Kf7 54. Kd6 Kf8 55. Ke6 Kg7 56. Ke7 1-0

[Event "30th NATO Chess Championship"]
[Site "Berlin"]
[Date "2019.09.19"]
[Round "5.42"]
[White "Sarnovska, Eira"]
[Black "Korge, Kersti"]
[Result "1/2-1/2"]
[WhiteElo "1669"]
[BlackElo "1842"]
[PlyCount "126"]
[EventDate "2019.09.16"]
[EventType "team-tourn"]
[EventRounds "7"]
[EventCountry "GER"]
[WhiteTeam "LAT"]
[BlackTeam "EST"]

1. d4 Nf6 2. c4 c5 3. d5 b5 4. cxb5 a6 5. bxa6 Bxa6 6. Nc3 d6 7. e4 Bxf1 8.
Kxf1 g6 9. Nge2 Bg7 10. g3 O-O 11. Kg2 Qa5 12. Rb1 Nbd7 13. f4 Rfb8 14. Qd3 Rb7
15. Bd2 Rab8 16. b3 Ne8 17. Na4 Qa7 18. Bc3 e5 19. dxe6 fxe6 20. Bxg7 Kxg7 21.
Nec3 Rb4 22. Nb2 Qb7 23. Nc4 d5 24. exd5 exd5 25. Qxd5 Qc7 26. Rhe1 Ndf6 27.
Qe6 Kf8 28. Rbd1 R4b7 29. Ne5 Qa5 30. Nc6 Qxc3 31. Nxb8 Rxb8 32. Qe7+ Kg8 33.
Qe6+ Kf8 34. Qe7+ Kg8 35. Re2 Qa5 36. Red2 Qa8+ 37. Kg1 Qc6 38. Rc1 Rc8 39. Re1
c4 40. Re6 Qc5+ 41. Qxc5 Rxc5 42. bxc4 Rxc4 43. Rde2 Kf8 44. Re7 Nd6 45. Ra7
Nde4 46. Rb2 h5 47. Rbb7 Rc1+ 48. Kg2 Rc2+ 49. Kf3 Rc3+ 50. Ke2 Ne8 51. Rf7+
Kg8 52. Rfe7 N4d6 53. Re6 Rc2+ 54. Kd3 Rxh2 55. Rxg6+ Kf8 56. Rh6 Nf7 57. Re6
Ned6 58. Rd7 Rxa2 59. Rdxd6 Nxd6 60. Rxd6 Ra3+ 61. Ke4 Rxg3 62. Rh6 Rh3 63. Kf5
Kg7 1/2-1/2

[Event "30th NATO Chess Championship"]
[Site "Berlin"]
[Date "2019.09.19"]
[Round "5.43"]
[White "Vael, Steve"]
[Black "Slaidins, Janis"]
[Result "0-1"]
[WhiteElo "1602"]
[BlackElo "1834"]
[PlyCount "54"]
[EventDate "2019.09.16"]
[EventType "team-tourn"]
[EventRounds "7"]
[EventCountry "GER"]
[WhiteTeam "LUX"]
[BlackTeam "LAT"]

1. d4 d5 2. c4 e6 3. Nc3 Nf6 4. Bf4 a6 5. a3 Be7 6. Nf3 dxc4 7. Qa4+ b5 8. Nxb5
Bd7 9. Nxc7+ Qxc7 10. Bxc7 Bxa4 11. e3 Bb3 12. Nd2 Nbd7 13. Ba5 e5 14. Nxb3
cxb3 15. Rc1 O-O 16. dxe5 Nxe5 17. Be2 Rac8 18. O-O Rc2 19. Rxc2 bxc2 20. Rc1
Rc8 21. Bc3 Ned7 22. Bxa6 Rc7 23. a4 Nd5 24. Bd2 Bb4 25. Bxb4 Nxb4 26. Bb5 Ne5
27. b3 Nbd3 0-1

[Event "30th NATO Chess Championship"]
[Site "Berlin"]
[Date "2019.09.19"]
[Round "5.44"]
[White "Allmann, Lauri"]
[Black "Gaiducis, Sergejus"]
[Result "1-0"]
[WhiteElo "1827"]
[BlackElo "1590"]
[PlyCount "63"]
[EventDate "2019.09.16"]
[EventType "team-tourn"]
[EventRounds "7"]
[EventCountry "GER"]
[WhiteTeam "EST"]
[BlackTeam "LTU"]

1. g3 e5 2. Bg2 Nf6 3. c4 Nc6 4. Nc3 d6 5. a3 Bf5 6. d3 Be7 7. Nf3 Rb8 8. O-O
O-O 9. Nh4 Be6 10. f4 exf4 11. Bxf4 Nh5 12. Nf3 Nxf4 13. gxf4 Qd7 14. Qe1 Bg4
15. Qg3 Bxf3 16. Bxf3 Nd4 17. Bg4 f5 18. Bh5 Qe6 19. e3 Nb3 20. Rae1 Rf6 21.
Kh1 g6 22. Nd5 Rf7 23. Nxc7 Qd7 24. Nd5 Bf8 25. Rg1 Bg7 26. Bxg6 hxg6 27. Qxg6
Rbf8 28. Rg5 Qd8 29. Reg1 Nd2 30. Rh5 Re8 31. Qh7+ Kf8 32. Qh8+ 1-0

[Event "30th NATO Chess Championship"]
[Site "Berlin"]
[Date "2019.09.19"]
[Round "5.45"]
[White "O`Byrne, Daniel"]
[Black "Van den Heuvel, Tonnie"]
[Result "0-1"]
[WhiteElo "1659"]
[BlackElo "1819"]
[PlyCount "70"]
[EventDate "2019.09.16"]
[EventType "team-tourn"]
[EventRounds "7"]
[EventCountry "GER"]
[WhiteTeam "ENG"]
[BlackTeam "NED"]

1. e4 b6 2. d4 Bb7 3. Nd2 e6 4. Ngf3 Nf6 5. Bd3 c5 6. c3 Nc6 7. O-O cxd4 8.
cxd4 Nb4 9. Bb1 Ba6 10. Re1 Qc8 11. Nb3 d5 12. e5 Ne4 13. a3 Nc6 14. Bxe4 dxe4
15. Rxe4 Qd7 16. Bg5 Bb7 17. Re1 Ne7 18. Rc1 h6 19. Be3 g5 20. h3 Rg8 21. g4
Qd5 22. Kg2 Ng6 23. Nbd2 f5 24. Qb3 Qxb3 25. Nxb3 Nh4+ 26. Kf1 Nxf3 27. Red1
Bd5 28. Rc3 f4 29. Bd2 Bxb3 30. Rxb3 Nxd2+ 31. Rxd2 Rc8 32. a4 Rg7 33. a5 bxa5
34. Rb5 Rgc7 35. Rxa5 Bb4 0-1

[Event "30th NATO Chess Championship"]
[Site "Berlin"]
[Date "2019.09.19"]
[Round "5.46"]
[White "Heran-Boily, Samuel"]
[Black "Steen, Kris"]
[Result "1-0"]
[WhiteElo "1933"]
[BlackElo "1526"]
[PlyCount "47"]
[EventDate "2019.09.16"]
[EventType "team-tourn"]
[EventRounds "7"]
[EventCountry "GER"]
[WhiteTeam "CAN"]
[BlackTeam "BEL"]

1. e4 e6 2. d4 d5 3. Nd2 Nf6 4. e5 Nfd7 5. Bd3 c5 6. c3 Nc6 7. Ne2 Be7 8. Nf3
c4 9. Bc2 f6 10. exf6 Nxf6 11. Nf4 Bd6 12. Qe2 Qd7 13. Ne5 Qc7 14. Nxe6 Bxe6
15. Nxc6 Kf7 16. Ne5+ Bxe5 17. dxe5 Bg4 18. f3 Rae8 19. O-O Rxe5 20. Qf2 Bf5
21. Bf4 Bxc2 22. Bxe5 Qxe5 23. Qxc2 Qe3+ 24. Qf2 1-0

[Event "30th NATO Chess Championship"]
[Site "Berlin"]
[Date "2019.09.19"]
[Round "5.47"]
[White "Kruit, Erik"]
[Black "Meiers, Gundars"]
[Result "1/2-1/2"]
[WhiteElo "1941"]
[BlackElo "1785"]
[PlyCount "84"]
[EventDate "2019.09.16"]
[EventType "team-tourn"]
[EventRounds "7"]
[EventCountry "GER"]
[WhiteTeam "NED"]
[BlackTeam "LAT"]

1. e4 c5 2. Nf3 Nc6 3. c3 e6 4. Bd3 d5 5. Qe2 dxe4 6. Bxe4 Nf6 7. Bc2 Bd6 8.
O-O O-O 9. Na3 e5 10. h3 Re8 11. d3 Bf5 12. Bg5 h6 13. Bxf6 Qxf6 14. Nc4 Bc7
15. Nfd2 Rad8 16. Ne3 Bc8 17. Ne4 Qe7 18. Qf3 Be6 19. Rad1 Rf8 20. Nf5 Bxf5 21.
Qxf5 g6 22. Qf3 Kg7 23. Rfe1 f5 24. Nd2 Qg5 25. Qg3 Qxg3 26. fxg3 b5 27. a3 a5
28. Nf3 Rfe8 29. a4 b4 30. Nd2 Kf6 31. Kf2 g5 32. Nc4 Ne7 33. Ne3 Bb6 34. Nc4
Bc7 35. Ne3 Nd5 36. Nxd5+ Rxd5 37. Bb3 Rdd8 38. Kf3 h5 39. g4 e4+ 40. dxe4 Rxd1
41. Bxd1 hxg4+ 42. hxg4 Rxe4 1/2-1/2

[Event "30th NATO Chess Championship"]
[Site "Berlin"]
[Date "2019.09.19"]
[Round "5.48"]
[White "Windey, Luc"]
[Black "Ward, James"]
[Result "1-0"]
[WhiteElo "1628"]
[BlackElo "1923"]
[PlyCount "93"]
[EventDate "2019.09.16"]
[EventType "team-tourn"]
[EventRounds "7"]
[EventCountry "GER"]
[WhiteTeam "BEL"]
[BlackTeam "ENG"]

1. d4 c6 2. Nf3 d5 3. Bf4 Nf6 4. e3 Bf5 5. c3 Nbd7 6. Nbd2 Qb6 7. Qb3 Nh5 8.
Bg3 Nxg3 9. hxg3 h6 10. Qxb6 Nxb6 11. Be2 e6 12. Ne5 Bd6 13. f4 Bxe5 14. fxe5
a5 15. g4 Bg6 16. g5 Ke7 17. gxh6 Rxh6 18. Rxh6 gxh6 19. O-O-O a4 20. Rh1 Rh8
21. b3 axb3 22. axb3 h5 23. Kb2 Kd7 24. Nf3 Nc8 25. g4 Ne7 26. gxh5 Rxh5 27.
Ra1 Nf5 28. Ra7 Kc8 29. Bd3 Nxe3 30. Bxg6 fxg6 31. Ra8+ Kd7 32. Rg8 Rf5 33. Nh4
Rf2+ 34. Ka3 Nc2+ 35. Ka4 Na1 36. Rg7+ Kc8 37. Rxg6 b6 38. Rg2 Rxg2 39. Nxg2
Nc2 40. b4 c5 41. Kb3 Nxd4+ 42. cxd4 cxd4 43. Nf4 Kd7 44. b5 Ke7 45. Kc2 Kf7
46. Kd3 Ke7 47. Kxd4 1-0

[Event "30th NATO Chess Championship"]
[Site "Berlin"]
[Date "2019.09.19"]
[Round "5.49"]
[White "Ivanovs, Aleksejs"]
[Black "Middaugh, Jon S"]
[Result "0-1"]
[WhiteElo "1757"]
[BlackElo "1918"]
[PlyCount "46"]
[EventDate "2019.09.16"]
[EventType "team-tourn"]
[EventRounds "7"]
[EventCountry "GER"]
[WhiteTeam "LAT"]
[BlackTeam "USA"]

1. e4 e6 2. Nf3 d5 3. exd5 exd5 4. d4 Bd6 5. h3 Bf5 6. Bd3 Ne7 7. Bg5 f6 8. Be3
c6 9. Nh4 Bxd3 10. Qxd3 Qd7 11. Nd2 Na6 12. c3 O-O-O 13. a4 g5 14. Nhf3 Nf5 15.
O-O-O Nxe3 16. Qxe3 c5 17. b3 c4 18. Qe2 Rhe8 19. Qf1 cxb3 20. Nxb3 Qxa4 21.
Kb2 Qa3+ 22. Kc2 Qa2+ 23. Kd3 Qxb3 0-1

[Event "30th NATO Chess Championship"]
[Site "Berlin"]
[Date "2019.09.19"]
[Round "5.50"]
[White "De Cat, Ben"]
[Black "Stuhr, Finn"]
[Result "1-0"]
[WhiteElo "1891"]
[BlackElo "1698"]
[PlyCount "73"]
[EventDate "2019.09.16"]
[EventType "team-tourn"]
[EventRounds "7"]
[EventCountry "GER"]
[WhiteTeam "BEL"]
[BlackTeam "DEN"]

1. Nf3 Nc6 2. d4 d5 3. Bf4 e6 4. e3 a6 5. c3 Bd6 6. Bg3 Nf6 7. Nbd2 Nh5 8. Ne5
Nxe5 9. Qxh5 Ng6 10. Bd3 Nf8 11. e4 Bxg3 12. hxg3 Bd7 13. exd5 Qe7 14. O-O-O
exd5 15. Rde1 Be6 16. f4 O-O-O 17. f5 g6 18. fxg6 fxg6 19. Qe5 Rg8 20. Nf3 Qg7
21. Ng5 Qxe5 22. Rxe5 Bg4 23. Nf7 Nd7 24. Rg5 Rdf8 25. Nh6 Nf6 26. Nxg4 Nh5 27.
Rxd5 Nxg3 28. Rxh7 Rf4 29. Ne5 Nf5 30. Rdd7 Nd6 31. Rxc7+ Kb8 32. Nc4 Nxc4 33.
Bxc4 Rgf8 34. Rxb7+ Ka8 35. Ra7+ Kb8 36. Rhb7+ Kc8 37. Be6+ 1-0

[Event "30th NATO Chess Championship"]
[Site "Berlin"]
[Date "2019.09.19"]
[Round "5.51"]
[White "Echavarria Hidalgo, Fernando"]
[Black "Kocur, Marc"]
[Result "0-1"]
[WhiteElo "1750"]
[BlackElo "1878"]
[PlyCount "134"]
[EventDate "2019.09.16"]
[EventType "team-tourn"]
[EventRounds "7"]
[EventCountry "GER"]
[WhiteTeam "CAN"]
[BlackTeam "BEL"]

1. Nf3 Nc6 2. c4 e5 3. Nc3 d6 4. d3 g6 5. g3 Bg7 6. Bg2 Nge7 7. O-O O-O 8. Rb1
d5 9. c5 d4 10. Ne4 Qd5 11. b3 f5 12. Ned2 Qxc5 13. Nc4 Nd5 14. Ba3 Ndb4 15.
Qd2 a5 16. Rbc1 Qe7 17. Ne1 Bd7 18. Bxc6 bxc6 19. Nxa5 c5 20. Bxb4 cxb4 21. Nc6
Bxc6 22. Rxc6 Rf6 23. Rc4 c5 24. Nf3 Rfa6 25. Ra1 Qa7 26. Rc2 Ra3 27. Qc1 Rxb3
28. Rxc5 Rc3 29. Rxc3 dxc3 30. Ne1 e4 31. Nc2 exd3 32. exd3 Qf7 33. Nxb4 c2 34.
Nxc2 Bxa1 35. Qxa1 Qxa2 36. Qc3 Qb1+ 37. Kg2 Qb7+ 38. Kg1 Rc8 39. Qb4 Qxb4 40.
Nxb4 Rc3 41. h4 Rb3 42. Nd5 Rxd3 43. Nf4 Rd2 44. Nh3 h6 45. Kg2 Kf7 46. Kf3 Kf6
47. Kg2 g5 48. hxg5+ hxg5 49. Kf1 Rd1+ 50. Kg2 Ra1 51. Kh2 Ra8 52. Kg2 Rh8 53.
Ng1 Ke5 54. Nf3+ Kf6 55. Nh2 f4 56. g4 Rh4 57. f3 Rh8 58. Nf1 Rd8 59. Kf2 Ke5
60. Ke2 Kd4 61. Nd2 Re8+ 62. Kf2 Kd3 63. Nf1 Re2+ 64. Kg1 Re1 65. Kf2 Rxf1+ 66.
Kxf1 Ke3 67. Kg2 Ke2 0-1

[Event "30th NATO Chess Championship"]
[Site "Berlin"]
[Date "2019.09.19"]
[Round "5.52"]
[White "Bublys, Vaidotas"]
[Black "Landry-Girard, Simon"]
[Result "1-0"]
[WhiteElo "1863"]
[BlackElo "1096"]
[PlyCount "81"]
[EventDate "2019.09.16"]
[EventType "team-tourn"]
[EventRounds "7"]
[EventCountry "GER"]
[WhiteTeam "LTU"]
[BlackTeam "CAN"]

1. c4 e5 2. Nc3 Nc6 3. g3 d6 4. Bg2 Nf6 5. d3 Be7 6. Nf3 Be6 7. e4 O-O 8. O-O
Qd7 9. Be3 Bh3 10. Bxh3 Qxh3 11. Ng5 Qg4 12. Nf3 Rfd8 13. Kg2 Nd7 14. Nd5 Rac8
15. h3 Qe6 16. b4 a6 17. Nh2 f5 18. f4 b6 19. Qh5 Qg6 20. Qxf5 Qxf5 21. exf5
Nf6 22. Nxf6+ Bxf6 23. Rab1 Ne7 24. Bd2 Nxf5 25. fxe5 Re8 26. exf6 Re2+ 27. Rf2
Rxf2+ 28. Kxf2 gxf6 29. Ng4 Kg7 30. Bc3 Rf8 31. Re1 Nh6 32. Re7+ Kg6 33. Nxh6
Kxh6 34. Rxc7 b5 35. c5 dxc5 36. bxc5 Rb8 37. a3 a5 38. Bxa5 Rd8 39. Rxh7+ Kxh7
40. Bxd8 Kg6 41. c6 1-0

[Event "30th NATO Chess Championship"]
[Site "Berlin"]
[Date "2019.09.19"]
[Round "5.53"]
[White "Tremblay, Mario"]
[Black "Rosseel, Kimball"]
[Result "0-1"]
[WhiteElo "1652"]
[BlackElo "1759"]
[PlyCount "66"]
[EventDate "2019.09.16"]
[EventType "team-tourn"]
[EventRounds "7"]
[EventCountry "GER"]
[WhiteTeam "CAN"]
[BlackTeam "BEL"]

1. e4 e6 2. d4 d5 3. e5 c5 4. Qg4 cxd4 5. Nf3 Nc6 6. a3 Nge7 7. Bd3 Ng6 8. Qg3
Qc7 9. Bf4 Nxf4 10. Qxf4 f6 11. Bb5 Qa5+ 12. Nbd2 Qxb5 13. exf6 gxf6 14. Qxf6
Rg8 15. Ng5 Rg7 16. Nxh7 Rxh7 17. O-O-O Rf7 18. Qg6 Ne5 19. Qg3 Nc4 20. Nb3 a5
21. Rxd4 a4 22. Re1 Be7 23. Qg8+ Rf8 24. Qg6+ Kd8 25. Rxe6 Bxe6 26. Qxe6 Nd6
27. Rxd5 Qf1+ 28. Rd1 Bg5+ 29. Nd2 Bxd2+ 30. Kxd2 Qxf2+ 31. Kc1 Qf4+ 32. Kb1
Ra6 33. c4 Qf5+ 0-1

[Event "30th NATO Chess Championship"]
[Site "Berlin"]
[Date "2019.09.19"]
[Round "5.54"]
[White "Nelder, Allan"]
[Black "Sass, Andrew"]
[Result "0-1"]
[WhiteElo "1645"]
[BlackElo "1551"]
[PlyCount "54"]
[EventDate "2019.09.16"]
[EventType "team-tourn"]
[EventRounds "7"]
[EventCountry "GER"]
[WhiteTeam "ENG"]
[BlackTeam "CAN"]

1. e4 e6 2. d4 d5 3. e5 c5 4. Qg4 Qb6 5. c3 cxd4 6. cxd4 Nc6 7. Nf3 Bb4+ 8. Nc3
g6 9. Bd3 Nge7 10. O-O Bxc3 11. bxc3 a6 12. Bd2 Qc7 13. a4 Na5 14. Rfc1 Nb3 15.
c4 Nxc1 16. Rxc1 Qd8 17. Bg5 Bd7 18. a5 Qxa5 19. Qh4 Qa3 20. c5 O-O-O 21. Bxe7
Qxc1+ 22. Bf1 Bb5 23. h3 Qxf1+ 24. Kh2 Rd7 25. Qf6 Re8 26. Bd6 Qxf2 27. Qg7 Bf1
0-1